00629 a2200193 450000100060000002000180000604000240002410000200004824000360006824500310010430000100013536200090014544000180015465000310017294200070020395201040021095201040031499900170041847667 a9788506067413 cAnchieta - Aquarius aSmith, David J.10aO direito de ser criançalpor10aO direito de ser criança a39 p.0 a2012 1aMelhoramentos 4aLiteratura infanto-juvenil cBK 00104070a87.1b87.1d2023-11-21l0o028.5 SMI DIRp6529/AQUr2023-11-21 15:14:33w2023-11-21yBK 00104070a87.1b87.1d2023-11-21l0o028.5 SMI DIRp7544/AQUr2023-11-21 15:14:33w2023-11-21yBK c47667d47667